| 000 | 00911nmm a2200277 a 4500 | ||
|---|---|---|---|
| 001 | ocm0001411631 | ||
| 003 | TR-IsHL | ||
| 005 | 20201028164253.0 | ||
| 008 | 160220s2016 tu tur | ||
| 007 | cr cn | ||
| 020 | _a9786051628677 | ||
| 035 |
_a1411631 _b(N$T) |
||
| 050 | 0 | 4 |
_aBP178 _b.M47 2016 |
| 090 | 0 | 4 |
_aBP178 _b.M47 2016 |
| 100 | 1 | _aMermer, Ali | |
| 245 | 1 | 0 |
_aSaid Nursi ile Kur'an okumaları: zaman aynası namaz _h[electronic resource] / _cAli Mermer ; Senai Demirci |
| 260 |
_aİstanbul : _bNesil Yayınları, _c2016 |
||
| 300 | _a256 p. | ||
| 650 | 4 | _aFelsefe, Psikoloji ve Din | |
| 650 | 4 | _aPhilosophy, Psychology and Religion | |
| 650 | 0 |
_aNamaz _xİslam |
|
| 650 | 0 |
_aPrayer _xIslam |
|
| 650 | 7 |
_aRELIGION / Prayerbooks / Islamic _2bisacsh |
|
| 700 | 1 | _aDemirci, Senai | |
| 856 | 4 | 0 | _uhttp://search.ebscohost.com/login.aspx?direct=true&scope=site&db=e011xww&AN=1411631 |
| 999 |
_c15566 _d15566 |
||